Southville International School and Colleges
Your cart is empty.
  • Cart
  • Lists
    Public lists Eva Luna New books Lux_list list_1
    Your lists Log in to create your own lists
  • Log in to your account
  • Your cookies
  • Search history
Southville International School and Colleges
  • Advanced search
  • Recent comments
  • Most popular
  • Libraries

Log in to your account

Log in with GOOGLE


If you do not have an external account, but do have a local account, you can still log in:

  1. Home
  2. MARC view: Churchill livingstone pocket radiography and medical imaging dictionary /
Normal view MARC view ISBD view

Churchill livingstone pocket radiography and medical imaging dictionary / (Record no. 13998)

[ view plain ]
MARC details
000 -LEADER
fixed length control field 01159cam a22003377a 4500
001 - CONTROL NUMBER
control field 15131776
003 - CONTROL NUMBER IDENTIFIER
control field OSt
005 - DATE AND TIME OF LATEST TRANSACTION
control field 20140310182519.0
008 - FIXED-LENGTH DATA ELEMENTS--GENERAL INFORMATION
fixed length control field 080108s2008 stka bd 001 0 eng
010 ## - LIBRARY OF CONGRESS CONTROL NUMBER
LC control number 2008296016
015 ## - NATIONAL BIBLIOGRAPHY NUMBER
National bibliography number GBA761766
Source bnb
016 7# - NATIONAL BIBLIOGRAPHIC AGENCY CONTROL NUMBER
Record control number 013810937
Source Uk
020 ## - INTERNATIONAL STANDARD BOOK NUMBER
International Standard Book Number 9780443102318 (pbk.)
020 ## - INTERNATIONAL STANDARD BOOK NUMBER
International Standard Book Number 0443102317 (pbk.)
035 ## - SYSTEM CONTROL NUMBER
System control number (OCoLC)ocn163616631
040 ## - CATALOGING SOURCE
Original cataloging agency UKM
Transcribing agency UKM
Modifying agency BTCTA
-- BWKUK
-- YDXCP
-- DLC
042 ## - AUTHENTICATION CODE
Authentication code lccopycat
050 00 - LIBRARY OF CONGRESS CALL NUMBER
Classification number RC 78
Item number .G976 2008
082 04 - DEWEY DECIMAL CLASSIFICATION NUMBER
Classification number 616.0757203
100 1# - MAIN ENTRY--PERSONAL NAME
Personal name Chris Gunn.
9 (RLIN) 9296
245 10 - TITLE STATEMENT
Title Churchill livingstone pocket radiography and medical imaging dictionary /
Statement of responsibility, etc Chris Gunn.
246 30 - VARYING FORM OF TITLE
Title proper/short title Pocket radiography and medical imaging dictionary
260 ## - PUBLICATION, DISTRIBUTION, ETC. (IMPRINT)
Place of publication, distribution, etc Edinburgh ;
-- New York :
Name of publisher, distributor, etc Churchill Livingstone,
Date of publication, distribution, etc c2008.
300 ## - PHYSICAL DESCRIPTION
Extent 424 p. :
Other physical details ill. ;
Dimensions 19 cm.
504 ## - BIBLIOGRAPHY, ETC. NOTE
Bibliography, etc Includes bibliographical references (p. [407]-408).
650 #0 - SUBJECT ADDED ENTRY--TOPICAL TERM
Topical term or geographic name as entry element Radiography, Medical
Form subdivision Dictionaries.
9 (RLIN) 9297
906 ## - LOCAL DATA ELEMENT F, LDF (RLIN)
a 7
b cbc
c copycat
d 2
e ncip
f 20
g y-gencatlg
942 ## - ADDED ENTRY ELEMENTS (KOHA)
Source of classification or shelving scheme Library of Congress Classification
Koha item type
Holdings
Withdrawn status Lost status Source of classification or shelving scheme Damaged status Home library Current library Shelving location Date acquired Total Checkouts Full call number Barcode Date last seen Copy number Price effective from Koha item type
    Library of Congress Classification   South SEED-LPDH College Library South SEED-LPDH College Library South SEED-LPDH College Section 08/10/2013   RC 78 .G976 2008 SSLC0080 04/20/2017 1 08/10/2013 Books

Churchill livingstone pocket radiography and medical imaging dictionary /

APA

Chris Gunn, . (2008). Churchill livingstone pocket radiography and medical imaging dictionary. Edinburgh: Churchill Livingstone.

Chicago

Chris Gunn, . 2008. Churchill livingstone pocket radiography and medical imaging dictionary. Edinburgh: Churchill Livingstone.

Harvard

Chris Gunn, . (2008). Churchill livingstone pocket radiography and medical imaging dictionary. Edinburgh: Churchill Livingstone.

MLA

Chris Gunn, . Churchill livingstone pocket radiography and medical imaging dictionary. Edinburgh: Churchill Livingstone. 2008.

  • Place hold
  • Print
  • Cite
  • Add to your cart (remove)
  • Save record
    BIBTEX Dublin Core MARCXML MARC (non-Unicode/MARC-8) MARC (Unicode/UTF-8) MARC (Unicode/UTF-8, Standard) MODS (XML) RIS
  • More searches
    Search for this title in:
    Other Libraries (WorldCat) Other Databases (Google Scholar) Online Stores (Bookfinder.com) Open Library (openlibrary.org)

Exporting to Dublin Core...

SOUTHVILLE LIBRARY

Southville International School and Colleges Library

1281 Tropical Ave. Cor. Luxembourg St., BF Homes International, Las Pinas City

Tel. No. 8256374 / 252358 Loc. 117/146

Powered by Koha